Visualizzazione normale
Vista MARC
- Ritos y ceremonias fúnebres
di Topical Term
Records bibliografici associati: 1
001 - CONTROL NUMBER
- control field: 11790
003 - CONTROL NUMBER IDENTIFIER
- control field: IT-RoINE
005 - DATE AND TIME OF LATEST TRANSACTION
- control field: 20201104080156.0
008 - FIXED-LENGTH DATA ELEMENTS
- fixed length control field: 140915|| aca||aabn | a|a d
040 ## - CATALOGING SOURCE
- Original cataloging agency: IT-RoINE
- Transcribing agency: IT-RoINE
150 ## - HEADING--TOPICAL TERM
- Topical term or geographic name as entry element: Ritos y ceremonias fúnebres
- Geographic subdivision: Castilla (Reino)
- General subdivision: Historia
670 ## - SOURCE DATA FOUND
- Source citation: Work cat.: (IT-RoINE)0: Vivanco, Laura, 1974- 11787, Death in fifteenth-century Castile :, 2004.